000 00494nam a2200181Ia 4500
001 15474
008 170211s1961 ii a g b000 u asm u
082 _a891.4126
100 _aBarua, Satya Prasad .,
_eAuthor.
245 0 _aBanahangsi /
_cSatya Prasad Barua.
_hTextual Documents
250 _a1st ed. /
260 _aGuwahati :
_bDutta Barua & Co ,
_c1961.
300 _a144p. :
_bill ;
_c18cm .
653 _aAssamese
653 _aG-Assamese
653 _aAssamese drama
942 _2ddc
_cBK
999 _c15460
_d15460